000 00926nam a2200253Ia 4500
003 Ost
005 20260507075159.0
008 260507s9999||||xx |||||||||||||| ||und||
020 _a9154946310
040 _cfsecg
041 _aara
082 _a330
100 _aامارتيا، سان
_eمؤلف
245 0 _aفي الأخلاق و علم الإقتصاد /
_c سان امارتيا
260 _aعمان:
_bدار الكتاب الحديث,
_c2009
300 _a139 صفحة؛
_c24 سم
504 _aمراجع ص.95
520 _aالسلوك الاقتصادي و العواطف الاخلاقية ، الاحكام الاقتصادية و فلسفة الاخلاق ، الحرية و العواقب
653 _aالاخلاق
653 _aالسلوك الاقتصادي
653 _aعلم الاقتصاد
700 _a التل، نادر ادريس
_eمؤلف ثانوي
942 _cكتاب
999 _c43390
_d43390